000 00488nmm a2200145Ia 4500
008 251105s9999||||xx |||||||||||||||||und||
041 _aspa
100 _aGonzalbo Aizpuru, Pilar
245 0 _aHonor y vergüenza :
_b Historias de un pasado remoto y cercano
264 _a[México D.C., Mexico] :
_bEl Colegio de México,
_c2023
300 _a447 páginas
650 _aHistory of the Americas: Latin America
856 _uhttps://public.digitaliapublishing.com/a/131880
942 _cCF
999 _c106897
_d106897